|
|
|
|
| LEADER |
00000cam a2200000 a 4500 |
| 001 |
vtls010209854 |
| 003 |
SK-MaSNL |
| 005 |
20260301131711.0 |
| 008 |
240314s2010 xo a j 001 j slo |
| 015 |
|
|
|a SNBA2011/06-03183
|
| 020 |
|
|
|a 9788007018976
|q (viaz.)
|
| 035 |
|
|
|a 01613430-F974-43AB-902A-BD735165016B
|
| 035 |
|
|
|a urn:nbn:sk:snk-amk1b7
|
| 035 |
|
|
|a urn:nbn:sk:snk-am0087db
|
| 040 |
|
|
|a SNK
|b slo
|c SNK
|e AACR2
|
| 041 |
1 |
|
|a slo
|h eng
|
| 044 |
|
|
|a xo
|c SK
|
| 072 |
|
7 |
|a 2-23/-27
|x Biblia. Biblistika
|2 konspekt
|
| 072 |
|
7 |
|a 821-93
|x Literatúra pre deti a mládež (beletria)
|2 konspekt
|
| 080 |
|
|
|a 27-23
|2 2001
|
| 080 |
|
|
|a 27-236.5
|2 2001
|
| 080 |
|
|
|a 27-236
|2 2001
|
| 080 |
|
|
|a (0:82-32)
|2 2001
|
| 080 |
|
|
|a (084.11)
|2 2001
|
| 080 |
|
|
|a 821-93
|2 2001
|
| 100 |
1 |
|
|a Hastings, Selina,
|d 1945-
|4 aut
|9 481351
|
| 240 |
1 |
4 |
|a The children's illustrated Bible
|l Slovensky
|
| 245 |
1 |
0 |
|a Ilustrovaná Biblia
|c príbehy prerozprávala Selina Hastingsová ; ilustroval Eric Thomas a Amy Burch ; [text upravila Adriena Slamová ; preklad Aneta Kováčová (Starý zákon), Adriana Ujlakyová (Nový zákon)]
|
| 250 |
|
|
|a 4. vyd.
|
| 260 |
|
|
|a Bratislava
|b Príroda
|c 2010
|
| 300 |
|
|
|a 319 s.
|b fareb. ilustr.
|c 26 cm
|
| 504 |
|
|
|a Reg.
|
| 630 |
0 |
7 |
|a Biblia
|2 SNKPH
|9 17043
|
| 630 |
0 |
7 |
|a Bible
|2 SNKPHeng
|9 276267
|
| 650 |
0 |
7 |
|a biblické príbehy
|2 SNKPH
|9 1916
|
| 650 |
0 |
7 |
|a Bible stories
|2 SNKPHeng
|9 276268
|
| 650 |
0 |
7 |
|a biblické postavy
|2 SNKPH
|9 4145
|
| 650 |
0 |
7 |
|a Bible persons
|2 SNKPHeng
|9 276269
|
| 650 |
0 |
7 |
|a biblické udalosti
|2 SNKPH
|9 4157
|
| 650 |
0 |
7 |
|a Biblical events
|2 SNKPHeng
|9 294650
|
| 650 |
0 |
7 |
|a biblické parafrázy
|2 SNKPH
|9 74940
|
| 650 |
0 |
7 |
|a Biblical paraphrases
|2 SNKPHeng
|9 327285
|
| 655 |
|
7 |
|a publikácie pre deti
|2 SNKPH
|9 70148
|
| 655 |
|
7 |
|a príbehy
|2 SNKPH
|9 70507
|
| 655 |
|
7 |
|a obrazové publikácie
|2 SNKPH
|9 70343
|
| 655 |
|
7 |
|a Stories
|2 SNKPHeng
|9 265785
|
| 655 |
|
7 |
|a Pictorial works
|2 SNKPHeng
|9 284468
|
| 655 |
|
7 |
|a Children's literature
|2 SNKPHeng
|9 276039
|
| 700 |
1 |
|
|a Thomas, Eric
|4 ill
|9 47350
|
| 700 |
1 |
|
|a Burch, Amy
|4 ill
|9 41057
|
| 700 |
1 |
|
|a Slamová, Adriena
|4 oth
|9 343537
|
| 700 |
1 |
|
|a Kováčová, Aneta
|4 trl
|9 460856
|
| 700 |
1 |
|
|a Ujlakyová, Adriana
|4 trl
|9 47475
|
| 852 |
|
|
|a Štátna vedecká knižnica v Banskej Bystrici
|
| 919 |
|
|
|a 978-80-07-01897-6
|
| 958 |
|
|
|a OP
|
| 958 |
|
|
|a NT
|
| 958 |
|
|
|a DB
|
| 968 |
|
|
|b ENG
|d 2
|
| 999 |
|
|
|c 748839
|d 750769
|
| 952 |
|
|
|a SNK
|b SNK
|y PREZ
|7 0
|p 17A0695262
|o snkSB 81213
|i snk2011/7295
|8 0
|0 0
|1 0
|4 0
|d 2011-03-31
|f 1
|l 0
|r 2025-05-05 00:00:00
|w 2026-02-23
|
| 952 |
|
|
|a SNK
|b SNK
|y VYP
|7 0
|p 17A0695263
|o snkSB 81213 D1
|i snk2011/7296
|8 0
|0 0
|1 0
|4 0
|d 2011-03-31
|l 0
|r 2016-06-30 00:00:00
|w 2026-02-23
|